Del prohibicionismo ineficiente del fallo "Góngora" a la centralidad de la gestión del conflicto : (Registro nro. 6240)
[ vista simple ]
| 000 -LEADER | |
|---|---|
| fixed length control field | 01878nab a22002657a 4500 |
| 003 - CONTROL NUMBER IDENTIFIER | |
| control field | OSt |
| 005 - DATE AND TIME OF LATEST TRANSACTION | |
| control field | 20260127185620.0 |
| 008 - FIXED-LENGTH DATA ELEMENTS--GENERAL INFORMATION | |
| fixed length control field | 190514b xxu||||| |||| 00| 0 spa d |
| 040 ## - CATALOGING SOURCE | |
| Transcribing agency | PJ |
| 100 ## - MAIN ENTRY--PERSONAL NAME | |
| 9 (RLIN) | 6751 |
| Personal name | Arduino, Ileana |
| 245 10 - TITLE STATEMENT | |
| Title | Del prohibicionismo ineficiente del fallo "Góngora" a la centralidad de la gestión del conflicto : |
| Remainder of title | notas sobre el caso "V. J. C." / |
| Statement of responsibility, etc | Ileana Arduino. |
| 300 ## - PHYSICAL DESCRIPTION | |
| Extent | p. 33-40 |
| 500 ## - GENERAL NOTE | |
| General note | Cita: TR LALEY AR/DOC/1582/2025. |
| 505 ## - FORMATTED CONTENTS NOTE | |
| Formatted contents note | Sumario: I. Introducción.— II. El impacto del prohibicionismo inconducente de Góngora en la provincia de Buenos Aires.— III. ¿Cuáles fueron las razones del Ministerio Público Fiscal para recurrir la decisión?— IV. La consideración de la calificación legal como criterio diferenciador. Aspectos críticos.— V. La posición de la persona victimizada en relación con el tipo de respuesta que espera.— VI. La articulación entre perspectiva de género y diversidad de respuestas.— VII. La crítica al automatismo burocrático y su afectación al modelo constitucional de persecución y juzgamiento.— VIII. La valoración de la audiencia como el ámbito adecuado para decidir.— IX. Sobre el desplazamiento del fiscal del caso.— X. Conclusiones. |
| 505 ## - FORMATTED CONTENTS NOTE | |
| Title | Fallo comentado: TCasación Penal, Buenos Aires, sala V ~ 20/02/2025 ~ V., J. C. s/ recurso de queja interpuesto por fiscal. |
| 650 #0 - SUBJECT ADDED ENTRY--TOPICAL TERM | |
| 9 (RLIN) | 967 |
| Topical term or geographic name as entry element | DERECHO DE FAMILIA |
| 650 #0 - SUBJECT ADDED ENTRY--TOPICAL TERM | |
| 9 (RLIN) | 3053 |
| Topical term or geographic name as entry element | VIOLENCIA DE GÉNERO |
| 650 #0 - SUBJECT ADDED ENTRY--TOPICAL TERM | |
| 9 (RLIN) | 2348 |
| Topical term or geographic name as entry element | PROCESO PENAL |
| 650 #0 - SUBJECT ADDED ENTRY--TOPICAL TERM | |
| 9 (RLIN) | 4044 |
| Topical term or geographic name as entry element | PERSPECTIVA DE GÉNERO |
| 650 #0 - SUBJECT ADDED ENTRY--TOPICAL TERM | |
| 9 (RLIN) | 2837 |
| Topical term or geographic name as entry element | SUSPENSIÓN DEL JUCIO A PRUEBA |
| 650 #0 - SUBJECT ADDED ENTRY--TOPICAL TERM | |
| 9 (RLIN) | 3047 |
| Topical term or geographic name as entry element | VÍCTIMA DEL DELITO |
| 650 #0 - SUBJECT ADDED ENTRY--TOPICAL TERM | |
| 9 (RLIN) | 1057 |
| Topical term or geographic name as entry element | JURISPRUDENCIA APLICABLE |
| 773 0# - HOST ITEM ENTRY | |
| Host Biblionumber | 2844 |
| Host Itemnumber | 3222 |
| Place, publisher, and date of publication | Buenos Aires : AbeledoPerrot, 1989- |
| Title | Derecho de familia. Revista Interdisciplinaria de doctrina y jurisprudencia. Agosto 2025-IV. |
| International Standard Book Number | 18511201 |
| 942 ## - ADDED ENTRY ELEMENTS (KOHA) | |
| Source of classification or shelving scheme | |
| Koha item type | Analítica Artículo de Revista |
No hay ítems disponibles.
